| 000 | 00351nam a22001337a 4500 | ||
|---|---|---|---|
| 020 | _a0719006155 | ||
| 082 | _a341.448OCO. | ||
| 100 | _aD.P O'Connell. | ||
| 245 | _aThe influence of law on sea power. | ||
| 260 |
_aOxford. _bUniversity of Manchester. _c1975. |
||
| 300 |
_axv, 204p. _b21cm. |
||
| 500 | _aIncludes bibliography and index. | ||
| 942 | _cBK | ||
| 999 |
_c17060 _d17060 |
||